[Event "Liga Insular Gran Canaria 1b Descenso"]
[Site "Las Palmas"]
[Date "2019.06.01"]
[Round "2.4"]
[White "Garcia Van Isschot, Carlos"]
[Black "Salazar Martin, Jose Maria"]
[Result "0-1"]
[WhiteElo "1611"]
[BlackElo "1498"]
[PlyCount "80"]
[EventDate "2019.05.25"]
[EventType "team-tourn"]
[EventRounds "3"]
[EventCountry "ESP"]
[SourceTitle "EXT 2021"]
[Source "ChessBase"]
[SourceDate "2020.10.23"]
[SourceVersion "1"]
[SourceVersionDate "2020.10.23"]
[SourceQuality "1"]
[WhiteTeam "Anand II"]
[BlackTeam "Mogan II"]
[WhiteTeamCountry "ESP"]
[BlackTeamCountry "ESP"]

1. e4 e5 2. Nf3 Nc6 3. c3 Bc5 4. b4 Bb6 5. b5 Na5 6. Nxe5 Qh4 7. d4 Qxe4+ 8. Qe2 Nf6 9. Nd2 Qxe2+ 10. Bxe2 d6 11. Nec4 Be6 12. Ne3 Kd7 13. Bb2 d5 14. Nf3 Rae8 15. Ne5+ Kc8 16. 0-0 Ne4 17. Rfd1 f6 18. c4 fxe5 19. c5 Nxc5 20. dxc5 Bxc5 21. Nxd5 Bd4 22. Nc3 Nc4 23. Bxc4 Bxc4 24. Rd2 Rhf8 25. Ne4 Bxb5 26. Bxd4 exd4 27. Rxd4 Bc6 28. Ng3 g6 29. Rb1 Rd8 30. Rdb4 Rd2 31. Ne4 Bxe4 32. Rxe4 Rfxf2 33. Rg4 Rxa2 34. Re1 Rae2 35. Rd1 Rf5 36. Rgd4 b6 37. Rd8+ Kb7 38. R8d7 Rff2 39. Rxh7 Rxg2+ 40. Kf1 Rxh2 0-1

[Event "Liga Insular Gran Canaria 1b Descenso"]
[Site "Las Palmas"]
[Date "2019.05.25"]
[Round "1.4"]
[White "Garcia Van Isschot, Carlos"]
[Black "Nuez Vostokov, Maria"]
[Result "1/2-1/2"]
[WhiteElo "1611"]
[BlackElo "1514"]
[PlyCount "93"]
[EventDate "2019.05.25"]
[EventType "team-tourn"]
[EventRounds "3"]
[EventCountry "ESP"]
[SourceTitle "EXT 2021"]
[Source "ChessBase"]
[SourceDate "2020.10.23"]
[SourceVersion "1"]
[SourceVersionDate "2020.10.23"]
[SourceQuality "1"]
[WhiteTeam "Anand II"]
[BlackTeam "Guia Univac II"]
[WhiteTeamCountry "ESP"]
[BlackTeamCountry "ESP"]

1. e4 e6 2. f4 d5 3. e5 c5 4. Nf3 Nc6 5. c3 Nh6 6. Na3 Nf5 7. Nc2 a6 8. d3 b5 9. g3 h5 10. Bh3 Nfe7 11. 0-0 Bb7 12. Nh4 g6 13. d4 Qb6 14. Be3 Nf5 15. Bxf5 gxf5 16. Qd2 c4 17. Qe2 Be7 18. Ne1 Kd7 19. Nef3 Bxh4 20. Nxh4 Rag8 21. Kf2 a5 22. b3 cxb3 23. axb3 Ba6 24. Rfd1 Ke7 25. Qb2 b4 26. c4 Qd8 27. Rac1 Qd7 28. Rc2 Rc8 29. Nf3 Na7 30. Rdc1 Rhd8 31. Ke1 Qb7 32. Kf2 dxc4 33. bxc4 a4 34. d5 exd5 35. cxd5 Rxc2+ 36. Rxc2 Rxd5 37. Nd4 Bd3 38. Rc1 a3 39. Qb3 Be4 40. Qc4 Kf8 41. Qe2 b3 42. Qxh5 b2 43. Qh8+ Ke7 44. Qf6+ Kf8 45. Qh8+ Ke7 46. Qf6+ Kf8 47. Qh8+ 1/2-1/2

[Event "Liga Insular Gran Canaria 1b"]
[Site "Las Palmas"]
[Date "2019.03.09"]
[Round "2.2"]
[White "Garcia Van Isschot, Carlos"]
[Black "Suarez Rodriguez, Doramas"]
[Result "1/2-1/2"]
[WhiteElo "1611"]
[BlackElo "1637"]
[PlyCount "43"]
[EventDate "2019.03.02"]
[EventType "team-tourn"]
[EventRounds "7"]
[EventCountry "ESP"]
[SourceTitle "EXT 2021"]
[Source "ChessBase"]
[SourceDate "2020.10.23"]
[SourceVersion "1"]
[SourceVersionDate "2020.10.23"]
[SourceQuality "1"]
[WhiteTeam "Anand II"]
[BlackTeam "La Aldea"]
[WhiteTeamCountry "ESP"]
[BlackTeamCountry "ESP"]

1. e4 e6 2. f4 d5 3. e5 Bc5 4. Nf3 d4 5. d3 Ne7 6. Be2 0-0 7. 0-0 b5 8. a4 c6 9. Nbd2 a5 10. Ne4 Bb6 11. Nfg5 h6 12. Nh3 Nf5 13. g3 Nd7 14. Bf3 Bb7 15. Qe2 Qc7 16. Nhf2 b4 17. b3 c5 18. g4 Nh4 19. Bh1 f5 20. Ng3 Bxh1 21. Nfxh1 Qc6 22. Rf2 1/2-1/2

[Event "Las Palmas Insular-chT Primera-B 1617"]
[Site "Las Palmas"]
[Date "2016.11.19"]
[Round "5.1"]
[White "De la Hoz Sanchez, Ruben"]
[Black "Garcia Van Isschot, Carlos"]
[Result "1-0"]
[WhiteElo "1946"]
[BlackElo "1610"]
[PlyCount "103"]
[EventDate "2016.10.22"]
[EventType "team-tourn"]
[EventRounds "14"]
[EventCountry "ESP"]
[SourceTitle "EXT 2018"]
[Source "ChessBase"]
[SourceDate "2017.10.13"]
[SourceVersion "1"]
[SourceVersionDate "2017.10.13"]
[SourceQuality "1"]
[WhiteTeam "Hotel Avda de Canarias II"]
[BlackTeam "Anand III"]
[WhiteTeamCountry "ESP"]
[BlackTeamCountry "ESP"]

1. d4 d6 2. c4 c6 3. Nc3 Nf6 4. e4 e5 5. Nf3 Bg4 6. dxe5 Bxf3 7. Qxf3 dxe5 8. Bg5 Be7 9. Bd3 Nbd7 10. 0-0 0-0 11. Rad1 Re8 12. Ne2 Qa5 13. Bb1 Nf8 14. Ng3 Ne6 15. Bxf6 Bxf6 16. Nf5 Nd4 17. Qg4 Qc5 18. b3 Rad8 19. Rfe1 Ne6 20. Rxd8 Rxd8 21. Rd1 Rxd1+ 22. Qxd1 Nd4 23. g3 a5 24. Kg2 Qa3 25. Nxd4 exd4 26. f4 Qb2+ 27. Qc2 Qxc2+ 28. Bxc2 c5 29. e5 Bd8 30. Kf3 g6 31. Ke4 Kf8 32. Kd5 Be7 33. a3 Ke8 34. e6 f6 35. h4 f5 36. h5 Kf8 37. Ke5 Kg7 38. Bd3 Kh6 39. hxg6 hxg6 40. Be2 Kg7 41. Bf3 d3 42. Bxb7 d2 43. Bf3 Kh6 44. Kd5 Kg7 45. Kc6 Kf6 46. Kd7 Bf8 47. Kc6 g5 48. fxg5+ Kxe6 49. Kb5 Ke5 50. Kxa5 Kd4 51. Kb5 Kc3 52. a4 1-0

[Event "Las Palmas Insular-chT Primera-B"]
[Site "Las Palmas"]
[Date "2015.12.05"]
[Round "5.1"]
[White "Garcia Van Isschot, Carlos"]
[Black "Gonzalez Ortega, Pino"]
[Result "1-0"]
[WhiteElo "1641"]
[BlackElo "1442"]
[PlyCount "79"]
[EventDate "2015.10.17"]
[EventType "team-tourn"]
[EventRounds "14"]
[EventCountry "ESP"]
[SourceTitle "CBM 170 Extra"]
[Source "ChessBase"]
[SourceDate "2016.02.25"]
[SourceVersion "1"]
[SourceVersionDate "2016.02.25"]
[SourceQuality "1"]
[WhiteTeam "Anand III"]
[BlackTeam "El Puerto de Santa Lucia"]
[WhiteTeamCountry "ESP"]
[BlackTeamCountry "ESP"]

1. Nf3 e6 2. d4 d5 3. e3 c5 4. Bd3 Nc6 5. c3 Nf6 6. Nbd2 Bd6 7. 0-0 0-0 8. Qe2 Re8 9. dxc5 Bxc5 10. e4 dxe4 11. Nxe4 Be7 12. Rd1 Qc7 13. Nxf6+ Bxf6 14. Qe4 g6 15. Bg5 Bg7 16. Qh4 Ne5 17. Nxe5 Qxe5 18. Re1 Qc5 19. Rad1 b6 20. Be4 Rb8 21. Re3 e5 22. Bf6 Be6 23. Red3 Qf8 24. b3 Bxf6 25. Qxf6 Qg7 26. Qh4 Qf8 27. c4 Qe7 28. Qh6 Red8 29. Qd2 Rxd3 30. Qxd3 Qa3 31. Qd2 Qc5 32. Qg5 Qc7 33. Qf6 Re8 34. h3 Qc8 35. Rd3 Qc7 36. h4 Bd7 37. h5 Re6 38. Qh4 Qc8 39. hxg6 fxg6 40. Bd5 1-0

[Event "Las Palmas Insular-chT Primera-B"]
[Site "Las Palmas"]
[Date "2015.11.28"]
[Round "4.1"]
[White "Macias Reyes, Jose Luis"]
[Black "Garcia Van Isschot, Carlos"]
[Result "1-0"]
[WhiteElo "1557"]
[BlackElo "1641"]
[PlyCount "85"]
[EventDate "2015.10.17"]
[EventType "team-tourn"]
[EventRounds "14"]
[EventCountry "ESP"]
[SourceTitle "CBM 170 Extra"]
[Source "ChessBase"]
[SourceDate "2016.02.25"]
[SourceVersion "1"]
[SourceVersionDate "2016.02.25"]
[SourceQuality "1"]
[WhiteTeam "Sociedad La Montana III"]
[BlackTeam "Anand III"]
[WhiteTeamCountry "ESP"]
[BlackTeamCountry "ESP"]

1. d4 d6 2. c4 c6 3. Nc3 e5 4. e4 Be7 5. d5 Qc7 6. Bd3 Na6 7. a3 Nc5 8. Bc2 a5 9. Rb1 Nf6 10. b4 axb4 11. axb4 Ncd7 12. Nge2 0-0 13. 0-0 Re8 14. h3 Nb6 15. Bd3 Nfd7 16. Be3 c5 17. Nb5 Qb8 18. f4 f6 19. Ng3 Ra6 20. Nf5 Bf8 21. Qg4 Kh8 22. Rf3 cxb4 23. Rg3 Nc5 24. Bxc5 dxc5 25. fxe5 Bxf5 26. Qxf5 Qxe5 27. Qg4 Nc8 28. Rf1 Ra1 29. Bb1 Nb6 30. Bd3 Rxf1+ 31. Bxf1 Ra8 32. Rf3 Bd6 33. Nxd6 Qxd6 34. Qf5 Kg8 35. Rd3 Qe5 36. Qg4 Ra3 37. Rd1 b3 38. Qe2 g6 39. Rb1 Ra2 40. Qd1 Qc3 41. Qxb3 Qd4+ 42. Kh1 Qf2 43. Qxb6 1-0

[Event "Gran Canaria-ch Seniors"]
[Site "Gran Canaria"]
[Date "2015.05.07"]
[Round "3"]
[White "Antonini, Roberto"]
[Black "Garcia Van Isschot, Carlos"]
[Result "1/2-1/2"]
[WhiteElo "1593"]
[BlackElo "1661"]
[PlyCount "48"]
[EventDate "2015.04.28"]
[EventType "swiss"]
[EventRounds "6"]
[EventCountry "ESP"]
[SourceTitle "CBM 166 Extra"]
[Source "ChessBase"]
[SourceDate "2015.06.18"]
[SourceVersion "1"]
[SourceVersionDate "2015.06.18"]
[SourceQuality "1"]

1. e4 e6 2. d4 d5 3. Nc3 Be7 4. Nf3 Nf6 5. e5 Ne4 6. Bd3 Nxc3 7. bxc3 c5 8. a4 Nd7 9. a5 h6 10. Bb5 Qc7 11. 0-0 Kd8 12. Ba3 a6 13. Be2 Ke8 14. Nd2 c4 15. Bxe7 Kxe7 16. f4 g6 17. Qb1 Nb8 18. Qb4+ Ke8 19. g4 Qe7 20. Qb6 Nc6 21. Rfb1 Qh4 22. Rf1 Qd8 23. Qc5 Qe7 24. Qb6 Qd8 1/2-1/2

[Event "Las Palmas Insular-chT Pref-B"]
[Site "Las Palmas"]
[Date "2015.03.21"]
[Round "11.2"]
[White "Garcia Van Isschot, Carlos"]
[Black "Aguilera Suarez, Antonio"]
[Result "1/2-1/2"]
[WhiteElo "1661"]
[BlackElo "1828"]
[PlyCount "57"]
[EventDate "2014.11.22"]
[EventType "team-tourn"]
[EventRounds "14"]
[EventCountry "ESP"]
[SourceTitle "EXT 2016"]
[Source "ChessBase"]
[SourceDate "2015.10.08"]
[SourceVersion "1"]
[SourceVersionDate "2015.10.08"]
[SourceQuality "1"]
[WhiteTeam "La Bagacera II"]
[BlackTeam "Los Llanos Telde"]
[WhiteTeamCountry "ESP"]
[BlackTeamCountry "ESP"]

1. d4 Nf6 2. Nf3 e6 3. e3 b6 4. Nbd2 Bb7 5. Bd3 d5 6. 0-0 Be7 7. Re1 0-0 8. e4 dxe4 9. Nxe4 Nbd7 10. Ng3 h6 11. c3 c5 12. Bf4 Nd5 13. Bd2 cxd4 14. cxd4 N7f6 15. a3 Qd6 16. Ne5 Rfc8 17. Qe2 a6 18. Rac1 b5 19. Ne4 Nxe4 20. Qxe4 f5 21. Qf3 Rxc1 22. Rxc1 Bg5 23. Bb4 Nxb4 24. Qxb7 Bxc1 25. Qxa8+ Kh7 26. axb4 Qxd4 27. Qc6 Bxb2 28. Bxf5+ exf5 29. Qg6+ 1/2-1/2

[Event "Las Palmas Insular-chT Pref-B"]
[Site "Las Palmas"]
[Date "2015.01.17"]
[Round "4.2"]
[White "Santiago Llanes, Jose Juan"]
[Black "Garcia Van Isschot, Carlos"]
[Result "1-0"]
[WhiteElo "1698"]
[BlackElo "1661"]
[PlyCount "99"]
[EventDate "2014.11.22"]
[EventType "team-tourn"]
[EventRounds "14"]
[EventCountry "ESP"]
[SourceTitle "EXT 2016"]
[Source "ChessBase"]
[SourceDate "2015.10.08"]
[SourceVersion "1"]
[SourceVersionDate "2015.10.08"]
[SourceQuality "1"]
[WhiteTeam "Los Llanos Telde"]
[BlackTeam "La Bagacera II"]
[WhiteTeamCountry "ESP"]
[BlackTeamCountry "ESP"]

1. d4 e6 2. e4 d5 3. e5 b6 4. Bb5+ c6 5. Bd3 Ba6 6. Nf3 Bxd3 7. Qxd3 Qd7 8. 0-0 c5 9. c3 Ne7 10. b4 Nec6 11. a3 h6 12. Be3 c4 13. Qc2 Ne7 14. a4 a6 15. Nbd2 Ng6 16. h4 Be7 17. g3 Qb7 18. h5 Nf8 19. Nh2 Nbd7 20. f4 0-0-0 21. f5 Nh7 22. fxe6 fxe6 23. Rf7 Bf8 24. Qg6 Ng5 25. Bxg5 hxg5 26. Qxg5 Re8 27. Ndf3 Qc7 28. Nh4 Qd8 29. Qxd8+ Kxd8 30. g4 Re7 31. Rf2 Rg8 32. Raf1 Re8 33. Ng6 Be7 34. Nf3 Nb8 35. Nxe7 Kxe7 36. Ng5 Nd7 37. Rf7+ Kd8 38. Kg2 Kc8 39. Kg3 Kd8 40. Kh4 Kc8 41. Nh3 Kd8 42. Nf4 g5+ 43. hxg6 Nf8 44. g7 Nd7 45. Kg5 Kc8 46. Nh5 Kd8 47. Rxd7+ Kxd7 48. Nf6+ Ke7 49. Nxg8+ Rxg8 50. Kg6 1-0

[Event "Las Palmas Insular-chT Pref-B"]
[Site "Las Palmas"]
[Date "2014.12.20"]
[Round "3.3"]
[White "Sanchez Ramirez, Gustavo"]
[Black "Garcia Van Isschot, Carlos"]
[Result "1-0"]
[WhiteElo "1620"]
[BlackElo "1661"]
[PlyCount "73"]
[EventDate "2014.11.22"]
[EventType "team-tourn"]
[EventRounds "14"]
[EventCountry "ESP"]
[SourceTitle "EXT 2016"]
[Source "ChessBase"]
[SourceDate "2015.10.08"]
[SourceVersion "1"]
[SourceVersionDate "2015.10.08"]
[SourceQuality "1"]
[WhiteTeam "La Caja de Vecindario II"]
[BlackTeam "La Bagacera II"]
[WhiteTeamCountry "ESP"]
[BlackTeamCountry "ESP"]

1. f4 e6 2. e4 d5 3. d3 dxe4 4. dxe4 Qxd1+ 5. Kxd1 Nf6 6. Nc3 Ng4 7. Ke1 Bb4 8. h3 Nf6 9. Bd3 Ba5 10. Nf3 Nc6 11. a3 Bxc3+ 12. bxc3 Bd7 13. c4 0-0-0 14. e5 Ng8 15. g4 Be8 16. Bb2 a6 17. Kf2 g6 18. f5 gxf5 19. gxf5 Nh6 20. f6 Rg8 21. Rhg1 Rxg1 22. Rxg1 Nf5 23. Bxf5 exf5 24. Rg5 Kd7 25. Rxf5 h5 26. Rxh5 Kc8 27. Rh4 Rd1 28. Rh8 Kd7 29. h4 Na5 30. h5 Nxc4 31. Bc3 Nxa3 32. Be1 Nxc2 33. h6 a5 34. h7 a4 35. Rxe8 Kxe8 36. h8Q+ Kd7 37. Qf8 1-0

[Event "Gran Canaria Dominguez Memoral 1st"]
[Site "Gran Canaria"]
[Date "2014.03.17"]
[Round "1"]
[White "Gutierrez Olivares, Daniel"]
[Black "Garcia Van Isschot, Carlos"]
[Result "1-0"]
[WhiteElo "2342"]
[BlackElo "1671"]
[PlyCount "49"]
[EventDate "2014.03.17"]
[EventType "swiss"]
[EventRounds "7"]
[EventCountry "ESP"]
[SourceTitle "EXT 2015"]
[Source "ChessBase"]
[SourceDate "2014.11.20"]
[SourceVersion "1"]
[SourceVersionDate "2014.11.20"]
[SourceQuality "1"]

1. e4 e6 2. d3 d5 3. Nd2 Nf6 4. Ngf3 Be7 5. g3 0-0 6. Bg2 dxe4 7. dxe4 Nc6 8. 0-0 e5 9. c3 Bg4 10. Qc2 Bc5 11. Nc4 Qe7 12. Ne3 Rad8 13. Nxg4 Nxg4 14. h3 Nf6 15. Nh4 Qe6 16. Nf5 Qc4 17. Bg5 a5 18. Bxf6 gxf6 19. Qc1 Ne7 20. Qh6 Nxf5 21. exf5 Rd6 22. Rae1 Qd3 23. Re4 Qxg3 24. Rg4+ Qxg4 25. hxg4 1-0

[Event "Las Palmas Insular-chT Primera-B"]
[Site "Las Palmas"]
[Date "2013.01.19"]
[Round "6.2"]
[White "Alonso Valiente, Alexis"]
[Black "Garcia Van Isschot, Carlos"]
[Result "1-0"]
[WhiteElo "2089"]
[BlackElo "1694"]
[PlyCount "27"]
[EventDate "2012.11.10"]
[EventType "team-tourn"]
[EventRounds "14"]
[EventCountry "ESP"]
[SourceTitle "EXT 2014"]
[Source "ChessBase"]
[SourceDate "2013.11.20"]
[SourceVersion "1"]
[SourceVersionDate "2013.11.20"]
[SourceQuality "1"]
[WhiteTeam "Univacit Guia"]
[BlackTeam "La Bagacera "]
[WhiteTeamCountry "ESP"]
[BlackTeamCountry "ESP"]

1. d4 e6 2. c4 d5 3. Nc3 c6 4. cxd5 cxd5 5. Bf4 Nf6 6. Nf3 Nc6 7. e3 Qa5 8. Rc1 Be7 9. Bd3 Bd7 10. 0-0 Nb4 11. Bb1 0-0 12. Ne5 Rfd8 13. Bg5 Re8 14. Bxf6 1-0

[Event "Las Palmas Cabildo sf"]
[Site "Las Palmas"]
[Date "2012.02.02"]
[Round "6"]
[White "Martinez Molina, Jose Juan"]
[Black "Garcia Van Isschot, Carlos"]
[Result "1/2-1/2"]
[WhiteElo "1824"]
[BlackElo "1699"]
[PlyCount "68"]
[EventDate "2012.01.19"]
[EventType "swiss"]
[EventRounds "6"]
[EventCountry "ESP"]
[SourceTitle "EXT 2014"]
[Source "ChessBase"]
[SourceDate "2013.11.20"]
[SourceVersion "1"]
[SourceVersionDate "2013.11.20"]
[SourceQuality "1"]

1. e4 e6 2. d4 d5 3. Nc3 dxe4 4. Nxe4 Qd5 5. Nc3 Bb4 6. a3 Bxc3+ 7. bxc3 c5 8. Nf3 Nf6 9. c4 Qe4+ 10. Be2 cxd4 11. Qxd4 Qxd4 12. Nxd4 Bd7 13. 0-0 e5 14. Nb5 Bxb5 15. cxb5 Nbd7 16. a4 0-0 17. Bb2 Rfe8 18. Rfe1 Rac8 19. Rac1 Nb6 20. a5 Na4 21. Ba1 Nc3 22. Bxc3 Rxc3 23. f3 Ra3 24. a6 b6 25. Rcd1 Rc3 26. Bd3 g6 27. Rd2 Kf8 28. Rde2 Rc5 29. g4 e4 30. fxe4 Nxg4 31. h3 Ne5 32. Rb1 Re7 33. Kf2 Rec7 34. Rb4 Rc3 1/2-1/2

[Event "Las Palmas Cabildo sf"]
[Site "Las Palmas"]
[Date "2012.01.27"]
[Round "4"]
[White "Garcia Van Isschot, Carlos"]
[Black "Sanchez Montesdeoca, Isaac"]
[Result "0-1"]
[WhiteElo "1699"]
[BlackElo "1763"]
[PlyCount "60"]
[EventDate "2012.01.19"]
[EventType "swiss"]
[EventRounds "6"]
[EventCountry "ESP"]
[SourceTitle "EXT 2014"]
[Source "ChessBase"]
[SourceDate "2013.11.20"]
[SourceVersion "1"]
[SourceVersionDate "2013.11.20"]
[SourceQuality "1"]

1. d4 b6 2. e4 Bb7 3. Nc3 e6 4. a3 c5 5. d5 a6 6. a4 h6 7. dxe6 dxe6 8. Qxd8+ Kxd8 9. Bf4 Nf6 10. 0-0-0+ Nbd7 11. f3 Rc8 12. Bc4 Rc6 13. h3 g5 14. Bh2 Bg7 15. Nge2 Ke7 16. Rd2 Ra8 17. Rhd1 Bc8 18. Nd5+ exd5 19. exd5 Rd6 20. Bxd6+ Kxd6 21. Nc3 Ne5 22. Bf1 Bd7 23. Kb1 Bf5 24. Re1 Bg6 25. f4 gxf4 26. Bxa6 Rxa6 27. Nb5+ Kd7 28. Rxe5 Ne4 29. Rxe4 Bxe4 30. Rf2 Rxa4 0-1

[Event "Las Palmas Cabildo sf"]
[Site "Las Palmas"]
[Date "2012.01.19"]
[Round "1"]
[White "Natalicchio Escalante, Ricardo Nicolas"]
[Black "Garcia Van Isschot, Carlos"]
[Result "1-0"]
[WhiteElo "2261"]
[BlackElo "1699"]
[PlyCount "94"]
[EventDate "2012.01.19"]
[EventType "swiss"]
[EventRounds "6"]
[EventCountry "ESP"]
[SourceTitle "EXT 2014"]
[Source "ChessBase"]
[SourceDate "2013.11.20"]
[SourceVersion "1"]
[SourceVersionDate "2013.11.20"]
[SourceQuality "1"]

1. d4 e6 2. c4 d5 3. Nf3 Be7 4. g3 c6 5. Bg2 f5 6. 0-0 Nf6 7. b3 0-0 8. Ba3 Bxa3 9. Nxa3 Qe7 10. Nc2 a5 11. Nce1 Nbd7 12. Nd3 Ne4 13. Nfe5 Rf6 14. f3 Nd6 15. Qd2 Rf8 16. c5 Nf7 17. Nxf7 Rxf7 18. e4 Qf6 19. Qe3 g5 20. exf5 exf5 21. f4 g4 22. Rfe1 Kg7 23. Re2 Nf8 24. Ne5 Re7 25. a3 Ng6 26. Rf1 Bd7 27. Qd2 Rae8 28. Qxa5 Bc8 29. Rfe1 h5 30. Qd2 h4 31. Kf2 Re6 32. Nxg6 Kxg6 33. Rxe6 Rxe6 34. Rxe6 Bxe6 35. Qe3 Kf7 36. b4 h3 37. Bf1 Qd8 38. Bd3 Qa8 39. Bc2 Qa6 40. Qd3 Qc4 41. Qxc4 dxc4 42. Ke3 Kf6 43. Kd2 Bd5 44. Kc3 Ke6 45. Bb1 Bf3 46. Kxc4 Bd1 47. Ba2 Be2+ 1-0